000 00425nam a22001337a 4500
082 _a331.25920942BIN
100 _aBINGHAM, V.N.
245 _aA TRAINING OFFICER`S GUIDE TO COMMERCIAL APPRENTICESHIP
260 _aLONDON
_bBRITISH ASSOCIATION FOR COMMERCIAL AND INDUSTRIAL EUCATION
_c1972
300 _a33P
_b25CM
650 _aA TRAINING OFFICER`S GUIDE TO COMMERCIAL APPRENTICESHIP
700 _aBINGHAM, V.N.
942 _cBK
999 _c14966
_d14966